[Event "Ch Chess Club"]
[Site "masterchessopen.com - Long Island (USA)"]
[Round "7"]
[White "Kotlyar Stanislav (USA)"]
[Black "Goregliad Sergei (USA)"]
[Result "0-1"]
[WhiteElo "2148"]
[BlackElo "2300"]

1.d4 Nf6 2.c4 c5 3.d5 e6 4.Nc3 exd5 5.cxd5 d6 6.e4 g6 7.f4 Bg7 8.Bb5+ Nfd7
9.a4 Qh4+ 10.g3 Qd8 11.Nf3 O-O 12.O-O Na6 13.Re1 Nb4 14.e5 Qe7 15.e6 fxe6
16.Rxe6 Qf7 17.Ng5 Qf5 18.g4 Qc2 19.Qf3 Ne5 20.Qh3 h6 21.Rxe5 dxe5 22.Ne6 Bxe6
23.dxe6 exf4 24.e7 Rf6 25.g5 Rf5 26.gxh6 Bd4+ 27.Kh1 Qf2 28.Qg2 Qe1+ 29.Bf1
Kh7 30.Ne2 f3 31.Qh3 fxe2 {#R} 0-1

[Event "It (open)"]
[Site "masterchessopen.com - Miedzybrodzie (Poland)"]
[Round "0"]
[White "Yuneev Alexey (RUS)"]
[Black "Bakalarz Leszek (POL)"]
[Result "1-0"]
[WhiteElo "2425"]
[BlackElo "2170"]

1.d4 Nf6 2.c4 c5 3.d5 e6 4.Nc3 exd5 5.cxd5 d6 6.e4 g6 7.f4 Bg7 8.Bb5+ Nfd7
9.a4 O-O 10.Nf3 Re8 11.O-O a6 12.Bd3 Qc7 13.Qb3 b6 14.Bc4 Bxc3 15.Qxc3 Rxe4
16.Ng5 Re7 17.b3 Bb7 18.Bb2 f6 19.Rae1 Qd8 20.Rxe7 Qxe7 21.Re1 Qf8 22.Ne6 Qc8
23.Qh3 Qe8 24.Re2 Qe7 25.Ng5 Ne5 26.fxe5 fxg5 27.exd6 Qd7 28.Qc3 {#r} 1-0

[Event "It (active)"]
[Site "masterchessopen.com - Oviedo (Spain)"]
[Round "3"]
[White "Corral Blanco Juan Antonio (ESP)"]
[Black "Gomez Juan (MEX)"]
[Result "1-0"]
[WhiteElo "2436"]
[BlackElo "2196"]

1.d4 Nf6 2.c4 c5 3.d5 e6 4.Nc3 exd5 5.cxd5 d6 6.e4 g6 7.f4 Bg7 8.Bb5+ Nfd7
9.a4 O-O 10.Nf3 Qa5 11.Be2 a6 12.Bd2 Qc7 13.Be3 Re8 14.O-O Nf6 15.Nd2 Nxe4
16.Ncxe4 f5 17.Nxd6 Rxe3 18.N2c4 Bd4 19.Kh1 Nd7 20.Nxc8 Rxc8 21.d6 Qb8 22.Nxe3
Bxe3 23.Qb3+ {#r} 1-0

[Event "Cup Yugoslavia"]
[Site "masterchessopen.com - Pula (Croatia)"]
[Round "0"]
[White "Jelen Iztok (SLO)"]
[Black "Covic Darko (CRO)"]
[Result "1-0"]
[WhiteElo "2415"]
[BlackElo "2267"]

1.d4 Nf6 2.c4 e6 3.Nc3 c5 4.d5 exd5 5.cxd5 d6 6.e4 g6 7.f4 Bg7 8.Bb5+ Nfd7
9.a4 O-O 10.Nf3 Na6 11.O-O Nc7 12.Bd3 a6 13.Kh1 Rb8 14.a5 Nf6 15.Bc4 Bg4 16.e5
dxe5 17.fxe5 Nd7 18.Bg5 Qxg5 19.Nxg5 Bxd1 20.d6 Nxe5 21.dxc7 Rbc8 22.Nd5 Nxc4
23.Ne7+ Kh8 24.Raxd1 Rxc7 25.Nxf7+ Rxf7 26.Rxf7 Bd4 27.Nxg6+ hxg6 28.Rxc7 Nxb2
29.Re1 {#r} 1-0

[Event "It (open)"]
[Site "masterchessopen.com - Avoine (France)"]
[Round "4"]
[White "Oei Hway Ik (NED)"]
[Black "Michaud Pascal"]
[Result "1-0"]
[WhiteElo "2104"]
[BlackElo "1900"]

1.d4 Nf6 2.c4 c5 3.d5 e6 4.Nc3 exd5 5.cxd5 d6 6.e4 g6 7.f4 Bg7 8.Bb5+ Nfd7
9.a4 O-O 10.Nf3 Na6 11.O-O Nb4 12.Re1 Nf6 13.h3 a6 14.Bc4 Nd7 15.Be3 Qc7
16.Bf2 Nb6 17.Bf1 Re8 18.Qd2 Rb8 19.Rac1 Bd7 20.b3 Nc8 21.e5 b5 22.axb5 Qb7
23.bxa6 Nxa6 24.Ne4 Bf5 25.Nf6+ Bxf6 26.exf6 Nb6 27.g4 Be4 28.f5 Nd7 29.Bh4
Kh8 30.Qh6 Rg8 31.Bxa6 Qxd5 32.Ng5 Nxf6 33.Bc4 {#r} 1-0

[Event "It (open)"]
[Site "masterchessopen.com - Balatonbereny (Hungary)"]
[Round "0"]
[White "Walzl Martin (AUT)"]
[Black "Zimmersmann Rita (HUN)"]
[Result "0-1"]
[WhiteElo "2153"]
[BlackElo "2225"]

1.d4 Nf6 2.c4 c5 3.d5 e6 4.Nc3 exd5 5.cxd5 d6 6.e4 g6 7.f4 Bg7 8.Bb5+ Nfd7
9.a4 O-O 10.Nf3 Na6 11.O-O Nb4 12.Bxd7 Bxd7 13.Nd2 Bd4+ 14.Kh1 Qf6 15.Nb3 Bxc3
16.bxc3 Qxc3 17.Bd2 Qb2 18.Na5 b5 19.f5 Nd3 20.Bh6 Nf2+ 21.Rxf2 Qxf2 22.Bxf8
Rxf8 23.Nc6 b4 24.Qd3 Re8 25.fxg6 hxg6 26.Rf1 c4 27.Qb1 Qc5 {#R} 0-1

[Event "Olympiad"]
[Site "masterchessopen.com - Manila (Philippines)"]
[Round "0"]
[White "Cuevas-Rodriguez Ma Luisa (ESP)"]
[Black "Courtney Helen (NZL)"]
[Result "1-0"]
[WhiteElo "2185"]
[BlackElo "1950"]

1.d4 Nf6 2.c4 c5 3.d5 e6 4.Nc3 exd5 5.cxd5 d6 6.e4 g6 7.f4 Bg7 8.Bb5+ Nfd7
9.a4 a6 10.Bd3 O-O 11.Nf3 Nf6 12.O-O a5 13.Bb1 Na6 14.e5 Ne8 15.Qe1 Nac7 16.e6
fxe6 17.Ng5 e5 18.fxe5 Rxf1+ 19.Qxf1 dxe5 20.Nce4 Nf6 21.d6 Ncd5 22.Ba2 Kh8
23.Nf7+ {#r} 1-0

[Event "It (open)"]
[Site "masterchessopen.com - Ostend (Belgium)"]
[Round "0"]
[White "Vaisser Anatoly (FRA)"]
[Black "Schalkx Johnny (BEL)"]
[Result "1-0"]
[WhiteElo "2580"]
[BlackElo "2189"]

1.d4 Nf6 2.c4 c5 3.d5 e6 4.Nc3 exd5 5.cxd5 d6 6.e4 g6 7.f4 Bg7 8.Bb5+ Nfd7
9.a4 O-O 10.Nf3 Nf6 11.O-O Bg4 12.Re1 Nbd7 13.e5 dxe5 14.fxe5 Nh5 15.Bxd7 Qxd7
16.h3 Bxf3 17.Qxf3 Qe8 18.Nb5 Bxe5 19.Bh6 a6 20.Bxf8 axb5 21.Bxc5 Rxa4 22.d6
Ng3 23.Rxa4 Bd4+ 24.Kh2 {#r} 1-0

[Event "It (open)"]
[Site "masterchessopen.com - Philadelphia (USA)"]
[Round "0"]
[White "Fink Stanley (USA)"]
[Black "Ardaman Miles (USA)"]
[Result "0-1"]
[WhiteElo "2105"]
[BlackElo "2271"]

1.d4 Nf6 2.c4 c5 3.d5 e6 4.Nc3 exd5 5.cxd5 d6 6.e4 g6 7.f4 Bg7 8.Bb5+ Nfd7
9.a4 a6 10.Be2 O-O 11.Nf3 Re8 12.O-O Nf8 13.h3 Nbd7 14.Ra3 Rb8 15.Kh2 h5 16.e5
dxe5 17.f5 gxf5 18.Ng5 f4 19.Nce4 Nf6 20.Bxh5 Nxh5 21.Qxh5 Qd7 22.Bxf4 exf4
23.Rxf4 Rxe4 24.Rxf7 Be5+ 25.g3 Qxd5 26.Raf3 Re2+ 27.Rf2 Rxf2+ 28.Rxf2 Be6
29.Qh6 {#R} 0-1

[Event "It (cat.4)"]
[Site "masterchessopen.com - Policka (Czech Republic)"]
[Round "0"]
[White "Hlavnicka Jiri (CZE)"]
[Black "Stodola Jaroslav Sr (CZE)"]
[Result "0-1"]
[WhiteElo "2243"]
[BlackElo "2230"]

1.d4 Nf6 2.c4 c5 3.d5 e6 4.Nc3 exd5 5.cxd5 d6 6.e4 g6 7.f4 Bg7 8.Bb5+ Nfd7
9.a4 O-O 10.Nf3 Na6 11.O-O Rb8 12.e5 dxe5 13.fxe5 Nxe5 14.Nxe5 Bxe5 15.Bh6 Qh4
{#R} 0-1

[Event "It (open)"]
[Site "masterchessopen.com - Toronto (Canada)"]
[Round "6"]
[White "Ochkoos Jura (CAN)"]
[Black "Walker Ben (CAN)"]
[Result "1-0"]
[WhiteElo "2267"]
[BlackElo "2225"]

1.d4 Nf6 2.c4 c5 3.d5 e6 4.Nc3 exd5 5.cxd5 d6 6.e4 g6 7.f4 Bg7 8.Bb5+ Nfd7
9.a4 O-O 10.Nf3 a6 11.Be2 Re8 12.O-O Nf6 13.e5 dxe5 14.fxe5 Ng4 15.Bg5 Qb6
16.d6 Be6 17.Nd5 Bxd5 18.Qxd5 Nd7 19.Bc4 Re6 20.a5 Qc6 21.Qxc6 bxc6 22.Bxe6
fxe6 23.Rae1 Ngxe5 24.Nxe5 Bxe5 25.Bf4 Bd4+ 26.Be3 e5 27.Rf2 Kg7 28.Bxd4 cxd4
29.Ref1 Rf8 30.Rxf8 Nxf8 31.Rc1 {#r} 1-0

[Event "It (open)"]
[Site "masterchessopen.com - Asiago (Italy)"]
[Round "4"]
[White "Padovani Florian (FRA)"]
[Black "Crimi Alessandro (ITA)"]
[Result "0-1"]
[WhiteElo "2151"]
[BlackElo "1880"]

1.d4 Nf6 2.c4 c5 3.d5 e6 4.Nc3 exd5 5.cxd5 d6 6.e4 g6 7.f4 Bg7 8.Bb5+ Nfd7
9.a4 O-O 10.Nf3 Na6 11.O-O Nc7 12.Bd3 a6 13.Nd2 Rb8 14.Nc4 b5 15.Nxd6 c4
16.Bc2 b4 17.Ne2 b3 18.Nxc4 bxc2 19.Qxc2 Qh4 20.Nd6 Qd8 21.Rb1 Nf6 22.Nxc8
Rxc8 23.Qd1 Nxe4 24.b4 Nxd5 25.Rb3 Qb6+ {#R} 0-1

[Event "Ch France (team)"]
[Site "masterchessopen.com - France"]
[Round "0"]
[White "Miralles Gilles (FRA)"]
[Black "Bordet Christophe"]
[Result "1-0"]
[WhiteElo "2470"]
[BlackElo "2020"]

1.d4 Nf6 2.c4 c5 3.d5 e6 4.Nc3 exd5 5.cxd5 g6 6.e4 d6 7.f4 Bg7 8.Bb5+ Nfd7
9.a4 O-O 10.Nf3 a6 11.Bd3 Nf6 12.h3 Nbd7 13.O-O Re8 14.Re1 Qc7 15.Be3 c4
16.Bc2 Nc5 17.e5 Nfd7 18.Bd4 dxe5 19.fxe5 Nxe5 20.Nxe5 Rxe5 21.Bxe5 Bxe5 22.d6
Qxd6 23.Qxd6 Bxd6 24.Re8+ Kg7 25.Rd1 Bc7 26.Nd5 Ba5 27.Nc7 {#r} 1-0

[Event "Ch Germany (juniors) (under 20)"]
[Site "masterchessopen.com - Hamburg (Germany)"]
[Round "0"]
[White "Ellers Holger (GER)"]
[Black "Wiegner Denis (GER)"]
[Result "1-0"]
[WhiteElo "2370"]
[BlackElo "2194"]

1.d4 e6 2.c4 Nf6 3.Nc3 c5 4.d5 exd5 5.cxd5 d6 6.e4 g6 7.f4 Bg7 8.Bb5+ Nfd7
9.a4 Qh4+ 10.g3 Qe7 11.Nf3 O-O 12.O-O f6 13.Re1 a6 14.Bf1 Re8 15.Bg2 b6 16.Nd2
Ra7 17.Nc4 Rb7 18.Na3 Nf8 19.Bd2 Bd7 20.e5 fxe5 21.fxe5 Bxe5 22.Nc4 Qg7
23.Nxe5 dxe5 24.Ne4 Bf5 25.Nd6 Rbe7 26.Nxe8 Rxe8 27.Bc3 Nfd7 28.g4 {#r} 1-0

[Event "It (open)"]
[Site "masterchessopen.com - Massy (France)"]
[Round "7"]
[White "Komarov Dimitri (UKR)"]
[Black "Kovacevic Slobodan (SRB)"]
[Result "1-0"]
[WhiteElo "2519"]
[BlackElo "2435"]

1.d4 Nf6 2.c4 e6 3.Nc3 c5 4.d5 exd5 5.cxd5 d6 6.e4 g6 7.f4 Bg7 8.Bb5+ Nfd7
9.a4 O-O 10.Nf3 Na6 11.O-O Nb4 12.Re1 a6 13.Bf1 Re8 14.h3 f5 15.e5 dxe5 16.d6
e4 17.Ng5 Rf8 18.Ne6 Qf6 19.Nxg7 Kxg7 20.Be3 b6 21.a5 b5 22.Nd5 Nxd5 23.Qxd5
Ra7 24.b4 Bb7 25.Qd2 Rc8 26.bxc5 Kf8 27.c6 Rxc6 28.Bxa7 Rxd6 29.Qb4 Ke8
30.Red1 {#r} 1-0

[Event "It (open) (2)"]
[Site "masterchessopen.com - Massy (France)"]
[Round "5"]
[White "Komarov Dimitri (UKR)"]
[Black "Kovacevic Slobodan (SRB)"]
[Result "1-0"]
[WhiteElo "2519"]
[BlackElo "2435"]

1.d4 Nf6 2.c4 e6 3.Nc3 c5 4.d5 exd5 5.cxd5 d6 6.e4 g6 7.f4 Bg7 8.Bb5+ Nfd7
9.a4 O-O 10.Nf3 Na6 11.O-O Nb4 12.Re1 a6 13.Bf1 Re8 14.h3 Rb8 15.Be3 b6 16.Bf2
Bb7 17.Bc4 Ba8 18.Qd2 Bh6 19.Be3 Nf6 20.e5 dxe5 21.fxe5 Bxe3+ 22.Qxe3 Nc2
23.Qh6 Nxe1 24.Rxe1 b5 25.axb5 axb5 {#r} 1-0

[Event "It (open)"]
[Site "masterchessopen.com - New York (USA)"]
[Round "9"]
[White "Kurtzman Mark (USA)"]
[Black "Alvarez Tirso (USA)"]
[Result "1-0"]
[WhiteElo "2159"]
[BlackElo "1623"]

1.d4 Nf6 2.c4 c5 3.d5 e6 4.Nc3 exd5 5.cxd5 d6 6.e4 g6 7.f4 Bg7 8.Bb5+ Nfd7
9.a4 O-O 10.Nf3 a6 11.Be2 f5 12.O-O fxe4 13.Nxe4 Nf6 14.Ng3 Bg4 15.h3 Bxf3
16.Bxf3 Nbd7 17.f5 Qb6 18.a5 Qc7 19.Qc2 Ne5 20.fxg6 hxg6 21.Bg5 Nxf3+ 22.Rxf3
Nxd5 23.Rxf8+ Rxf8 24.Qxg6 Qf7 25.Qxd6 Bd4+ 26.Kh2 Ne3 27.Ra3 Nxg2 28.Ne4 Qf5
29.Rg3 Kh7 30.Qh6+ Kg8 {#r} 1-0

[Event "It (open)"]
[Site "masterchessopen.com - Seefeld (Austria)"]
[Round "7"]
[White "Jedinger Andreas (AUT)"]
[Black "Krmelj Natasa (SLO)"]
[Result "0-1"]
[WhiteElo "2191"]
[BlackElo "2075"]

1.d4 Nf6 2.c4 e6 3.Nc3 c5 4.d5 exd5 5.cxd5 d6 6.e4 g6 7.f4 Bg7 8.Bb5+ Nfd7
9.a4 O-O 10.Nf3 Na6 11.O-O Nb4 12.Re1 a6 13.Bxd7 Bxd7 14.h3 Re8 15.Na2 Qb6
16.g4 Rac8 17.f5 Nxa2 18.Rxa2 c4+ 19.Kg2 Qb3 20.Qd2 Qxa2 21.e5 dxe5 22.Qg5 f6
23.Qh4 c3 24.fxg6 hxg6 25.Re2 Qxd5 {#R} 0-1

[Event "Ch Slovenia (team)"]
[Site "masterchessopen.com - Slovenia"]
[Round "0"]
[White "Jelen Iztok (SLO)"]
[Black "Logar Metod (SLO)"]
[Result "1-0"]
[WhiteElo "2390"]
[BlackElo "2043"]

1.d4 Nf6 2.c4 e6 3.Nc3 c5 4.d5 exd5 5.cxd5 d6 6.e4 g6 7.f4 Bg7 8.Bb5+ Nfd7
9.a4 O-O 10.Nf3 a6 11.Bd3 Nf6 12.O-O Bg4 13.h3 Bxf3 14.Qxf3 Nbd7 15.Bd2 Qc7
16.Bc4 b6 17.Rae1 Ne8 18.b3 Qb7 19.Qg3 Nc7 20.e5 b5 21.exd6 bxc4 22.dxc7 cxb3
23.d6 Qc6 24.f5 Rfe8 25.fxg6 hxg6 26.Bf4 c4 27.Rxe8+ Rxe8 28.Re1 Rc8 29.Qe3
Bf8 30.Rd1 Nc5 31.Nd5 Nd3 32.d7 {#r} 1-0

[Event "It"]
[Site "masterchessopen.com - Telde (Spain)"]
[Round "2"]
[White "Alvarado Ascanio Francisco (ESP)"]
[Black "Todorcevic Miodrag (ESP)"]
[Result "0-1"]
[WhiteElo "2217"]
[BlackElo "2480"]

1.d4 Nf6 2.c4 e6 3.Nc3 c5 4.d5 exd5 5.cxd5 d6 6.e4 g6 7.f4 Bg7 8.Bb5+ Nfd7
9.a4 O-O 10.Nf3 Na6 11.O-O Nb4 12.Re1 a6 13.Bf1 Nf6 14.Na2 Nxa2 15.Rxa2 Re8
16.Bd3 Bg4 17.Bd2 b5 18.h3 Bxf3 19.Qxf3 c4 20.Bf1 Nd7 21.Bc3 Bxc3 22.Qxc3 Qb6+
23.Kh2 Qf2 24.Qe3 Qxe3 25.Rxe3 Nb6 26.axb5 axb5 27.Rxa8 Rxa8 28.Rc3 Re8 29.Ra3
Rxe4 30.Ra6 Nxd5 31.Rxd6 Nxf4 {#R} 0-1

[Event "?"]
[Site "masterchessopen.com - Trieste (Italy)"]
[Round "0"]
[White "Santolini Luigi (ITA)"]
[Black "Rupeni Franco (ITA)"]
[Result "0-1"]
[WhiteElo "2197"]
[BlackElo "2240"]

1.d4 Nf6 2.c4 c5 3.d5 e6 4.Nc3 exd5 5.cxd5 d6 6.e4 g6 7.f4 Bg7 8.Bb5+ Nfd7
9.a4 O-O 10.Nf3 Na6 11.O-O Nb4 12.Re1 Nf6 13.h3 a6 14.Bc4 b6 15.e5 Ne8 16.Be3
Ra7 17.Bf2 Bh6 18.Bh4 f6 19.exf6 Nxf6 20.Ne4 Bg7 21.Ra3 h6 22.g4 Raf7 23.Ne5
dxe5 24.fxe5 g5 25.exf6 gxh4 26.fxg7 Rxg7 27.Rae3 h5 28.g5 b5 29.Qxh5 bxc4
30.Nf6+ Qxf6 {#R} 0-1

[Event "Oberliga Baden 1993/94"]
[Site "masterchessopen.com - Germany"]
[Date "1993.12.12"]
[Round "4"]
[White "Wielsch Klaus (GER)"]
[Black "Thoma Christian (GER)"]
[Result "0-1"]
[WhiteElo "2155"]
[BlackElo "2283"]

1.d4 Nf6 2.c4 c5 3.d5 e6 4.Nc3 exd5 5.cxd5 d6 6.e4 g6 7.f4 Bg7 8.Bb5+ Nfd7
9.a4 O-O 10.Nf3 Na6 11.O-O Nc7 12.Bd3 a6 13.Nd2 Nf6 14.a5 Re8 15.Nc4 Ng4
16.Qe1 f5 17.Nb6 fxe4 18.Nxe4 Bd4+ 19.Kh1 Bf5 20.Nxa8 Bxe4 21.Bxe4 Rxe4
22.Qxe4 Qh4 {#R} 0-1

[Event "It (open)"]
[Site "masterchessopen.com - Bern (Switzerland)"]
[Round "8"]
[White "Mueller Leonhard (NAM)"]
[Black "Scheidegger Urs (SUI)"]
[Result "1-0"]
[WhiteElo "2163"]
[BlackElo "1941"]

1.d4 Nf6 2.c4 c5 3.d5 e6 4.Nc3 exd5 5.cxd5 d6 6.e4 g6 7.f4 Bg7 8.Bb5+ Nfd7
9.a4 O-O 10.Nf3 a6 11.Be2 Re8 12.O-O Bxc3 13.bxc3 Rxe4 14.Bd3 Re8 15.c4 Nf6
16.f5 Ng4 17.fxg6 hxg6 18.Qc2 Nd7 19.Bxg6 Nde5 20.Nxe5 Rxe5 21.Bxf7+ Kh8
22.Bb2 Qg5 23.Qg6 Qe3+ 24.Kh1 Bf5 25.Qxf5 Nh6 26.Qf6+ Kh7 27.Qg6+ Kh8 28.Bxe5+
dxe5 29.Rf3 {#r} 1-0

[Event "It (open)"]
[Site "masterchessopen.com - Cordoba (Spain)"]
[Round "8"]
[White "Cuevas-Rodriguez Ma Luisa (ESP)"]
[Black "Cardenas Serrano Sergio (ESP)"]
[Result "1-0"]
[WhiteElo "2185"]
[BlackElo "2127"]

1.d4 Nf6 2.c4 c5 3.d5 e6 4.Nc3 exd5 5.cxd5 d6 6.e4 g6 7.f4 Bg7 8.Bb5+ Nfd7
9.a4 O-O 10.Nf3 a6 11.Bd3 Re8 12.O-O Nf6 13.Bc2 Bg4 14.h3 Bxf3 15.Qxf3 Nbd7
16.Kh1 Qc7 17.Qg3 Re7 18.Qh4 c4 19.e5 dxe5 20.f5 Rf8 21.Bg5 Ree8 22.Ne4 Nxe4
23.Bxe4 Qd6 24.f6 Bh8 25.Rf3 h6 26.Qxh6 Nxf6 27.Bxf6 Bxf6 28.Bxg6 fxg6
29.Qxg6+ Kh8 30.Qh6+ {#r} 1-0

[Event "It (open)"]
[Site "masterchessopen.com - Kstovo (Russia)"]
[Round "0"]
[White "Koniushkov Igor (RUS)"]
[Black "Sorokin Garald K (RUS)"]
[Result "1-0"]
[WhiteElo "2514"]
[BlackElo "2400"]

1.d4 Nf6 2.c4 c5 3.d5 e6 4.Nc3 exd5 5.cxd5 d6 6.e4 g6 7.f4 Bg7 8.Bb5+ Nfd7
9.a4 O-O 10.Nf3 Na6 11.O-O Nb4 12.Re1 a6 13.Bc4 Nb6 14.Bf1 Bg4 15.Be3 Re8
16.a5 Nd7 17.Bf2 Rc8 18.Ra4 Rc7 19.h3 Bxf3 20.Qxf3 b5 21.axb6 Nxb6 22.Rxb4
{#r} 1-0

[Event "Memorial Vitebsky"]
[Site "masterchessopen.com - Kurgan (Russia)"]
[Round "9"]
[White "Mochalov Evgeny V (BLR)"]
[Black "Kotsur Pavel (KAZ)"]
[Result "1-0"]
[WhiteElo "2400"]
[BlackElo "2490"]

1.d4 Nf6 2.c4 c5 3.d5 e6 4.Nc3 exd5 5.cxd5 d6 6.e4 g6 7.f4 Bg7 8.Bb5+ Nfd7
9.a4 O-O 10.Nf3 Na6 11.O-O Nb4 12.Re1 a6 13.Bf1 Re8 14.h3 Qc7 15.Be3 Nf6
16.Bf2 Nh5 17.Qd2 Bh6 18.Be3 Ng3 19.Bd3 Nxd3 20.Qxd3 Rb8 21.Kh2 Nh5 22.Qd2 b5
23.axb5 axb5 24.e5 f5 25.g3 Bg7 26.exd6 Qxd6 27.Bxc5 Qd8 28.Rxe8+ Qxe8 29.Bd6
Rb7 30.Ra8 h6 31.Qe1 Qd8 32.Qe6+ {#r} 1-0

[Event "Ch Bayern"]
[Site "masterchessopen.com - Lichtenfels (Germany)"]
[Round "1"]
[White "Riedel Wolfgang (GER)"]
[Black "Kottmair Toni (GER)"]
[Result "1-0"]
[WhiteElo "2301"]
[BlackElo "2259"]

1.d4 Nf6 2.c4 e6 3.Nc3 c5 4.d5 exd5 5.cxd5 d6 6.e4 g6 7.f4 Bg7 8.Bb5+ Nfd7
9.a4 O-O 10.Nf3 Na6 11.O-O Nc7 12.Bxd7 Bxd7 13.f5 b5 14.Bg5 Bf6 15.Bxf6 Qxf6
16.e5 Qxf5 17.exd6 Ne8 18.Nd4 Qe5 19.Nc6 Bxc6 20.dxc6 b4 21.Nb5 a6 22.d7 axb5
23.d8=Q Rxd8 24.Qxd8 Nc7 25.Qd7 bxa4 26.Rfe1 Qd4+ 27.Qxd4 cxd4 28.Rxa4 Rd8
29.Rxb4 Rd6 30.Rd1 d3 31.Rc4 {#r} 1-0

[Event "Ch Nassau Chess Club"]
[Site "masterchessopen.com - Long Island (USA)"]
[Round "0"]
[White "Salman Joel (USA)"]
[Black "Goregliad Sergei (USA)"]
[Result "0-1"]
[WhiteElo "2270"]
[BlackElo "2300"]

1.d4 Nf6 2.c4 c5 3.d5 e6 4.Nc3 exd5 5.cxd5 d6 6.e4 g6 7.f4 Bg7 8.Bb5+ Nfd7
9.a4 O-O 10.Nf3 Na6 11.O-O Nb4 12.Re1 a6 13.Bc4 Nb6 14.Be2 Bg4 15.a5 Nd7
16.Be3 Re8 17.Qd2 Rc8 18.Ra4 Nf6 19.Bd3 Qd7 20.Ra3 Nxd3 21.Qxd3 c4 22.Qc2 Nxe4
23.Nxe4 Rxe4 24.Ne5 Rxe3 25.Raxe3 dxe5 26.fxe5 Qxd5 27.h3 Bf5 28.Qc3 Bf8
29.Kh1 Bc5 30.Rf3 Be4 31.Rg3 Bf2 {#R} 0-1

[Event "Ch OWL"]
[Site "masterchessopen.com - Oelde (Germany)"]
[Round "5"]
[White "Tuschinske Matthias (GER)"]
[Black "Hantke Rolf"]
[Result "1-0"]
[WhiteElo "2114"]
[BlackElo "2085"]

1.d4 Nf6 2.c4 c5 3.d5 e6 4.Nc3 exd5 5.cxd5 d6 6.e4 g6 7.f4 Bg7 8.Bb5+ Nfd7
9.a4 O-O 10.Nf3 b6 11.O-O Ba6 12.Re1 Bxb5 13.axb5 Re8 14.Be3 a5 15.Bf2 Ra7
16.Bh4 Bf6 17.Bg3 g5 18.Nxg5 Bxg5 19.fxg5 Ne5 20.Qh5 Nbd7 21.Rf1 Nf8 22.Rf6
Nfg6 23.Raf1 a4 24.Nd1 a3 25.bxa3 Rxa3 26.Bxe5 Nxe5 27.Rxf7 h6 28.Qxh6 Nxf7
29.Qg6+ {#r} 1-0

[Event "Ch Portugal (team)"]
[Site "masterchessopen.com - Portugal"]
[Round "0"]
[White "Santos Antonio P (POR)"]
[Black "Alexandre Jorge (POR)"]
[Result "1-0"]
[WhiteElo "2336"]
[BlackElo "2250"]

1.d4 e6 2.c4 c5 3.d5 exd5 4.cxd5 d6 5.Nc3 Nf6 6.e4 g6 7.f4 Bg7 8.Bb5+ Nfd7
9.a4 Na6 10.Nf3 O-O 11.O-O Nc7 12.Bxd7 Bxd7 13.f5 b5 14.Bg5 Bf6 15.Bxf6 Qxf6
16.e5 dxe5 17.Ne4 Qd8 18.fxg6 fxg6 19.d6 Ne8 20.Qd5+ Kg7 21.Nxe5 Bf5 22.g4
Bxe4 23.Rf7+ Kh6 24.Qxe4 Nxd6 25.Qe3+ g5 26.Qh3# 1-0

[Event "It (open)"]
[Site "masterchessopen.com - Sitges (Spain)"]
[Round "0"]
[White "Garcia Olivier (FRA)"]
[Black "Hamdouchi Hichem (FRA)"]
[Result "0-1"]
[WhiteElo "2269"]
[BlackElo "2530"]

1.d4 Nf6 2.c4 e6 3.Nc3 c5 4.d5 exd5 5.cxd5 d6 6.e4 g6 7.f4 Bg7 8.Bb5+ Nfd7
9.a4 Qh4+ 10.g3 Qe7 11.Qe2 O-O 12.Nf3 Re8 13.Bd3 Na6 14.O-O Nb4 15.Re1 Nf6
16.Kg2 Bg4 17.h3 Bxf3+ 18.Kxf3 a6 19.g4 h5 20.g5 Qd7 21.Qf1 Nxd3 22.Qxd3 Qxh3+
23.Ke2 Qg2+ 24.Kd1 Ng4 25.Qd2 Nf2+ 26.Kc2 Bxc3 {#R} 0-1

[Event "Slovak League (2nd) 1994/95"]
[Site "masterchessopen.com - Slovakia"]
[Round "6"]
[White "Mikita Jozef (SVK)"]
[Black "Krajcovic Branislav (SVK)"]
[Result "1-0"]
[WhiteElo "2363"]
[BlackElo "2048"]

1.d4 Nf6 2.c4 c5 3.d5 e6 4.Nc3 exd5 5.cxd5 d6 6.e4 g6 7.f4 Bg7 8.Bb5+ Nfd7
9.a4 O-O 10.Nf3 Na6 11.O-O Nc7 12.Bd3 b6 13.Re1 Re8 14.Nb5 Nf6 15.e5 dxe5
16.d6 Nxb5 17.Bxb5 Bd7 18.fxe5 Ng4 19.Bg5 f6 20.Bxd7 Qxd7 21.Qd5+ Qe6 22.Qxe6+
Rxe6 23.exf6 Rxe1+ 24.Rxe1 Bxf6 25.d7 Kf8 26.h3 h6 27.Bf4 Rd8 28.hxg4 g5
29.Be5 Be7 30.Rd1 {#r} 1-0

[Event "Slovak League 1993/94"]
[Site "masterchessopen.com - Slovakia"]
[Round "12"]
[White "Balogh Peter (SVK)"]
[Black "Sarkozy Ladislav (SVK)"]
[Result "0-1"]
[WhiteElo "1955"]
[BlackElo "2334"]

1.d4 Nf6 2.c4 c5 3.d5 e6 4.Nc3 exd5 5.cxd5 d6 6.e4 g6 7.f4 Bg7 8.Bb5+ Nfd7
9.a4 Qh4+ 10.g3 Qe7 11.Qe2 O-O 12.Nf3 Na6 13.O-O Nb4 14.Re1 Nf6 15.Kg2 a6
16.Bc4 Qd7 17.Be3 Qh3+ 18.Kh1 Bg4 19.Rac1 b5 20.axb5 axb5 21.Bxb5 Na2 22.Nxa2
Nxe4 23.Qg2 Qxg2+ 24.Kxg2 Rxa2 25.Rc2 Rb8 26.Bd3 Rbxb2 27.Ree2 Rxc2 28.Rxc2
Ra3 29.Ne1 Nf6 30.h3 Bf5 31.Bxc5 Rxd3 32.Bxd6 Rxd5 {#R} 0-1

[Event "Zt"]
[Site "masterchessopen.com - Ankara (Turkey)"]
[Round "0"]
[White "Supatashvili Khvicha (GEO)"]
[Black "Erdogan Hakan (TUR)"]
[Result "1-0"]
[WhiteElo "2445"]
[BlackElo "2295"]

1.d4 Nf6 2.c4 e6 3.Nc3 c5 4.d5 exd5 5.cxd5 d6 6.e4 g6 7.f4 Bg7 8.Bb5+ Nfd7
9.a4 O-O 10.Nf3 Na6 11.O-O Nc7 12.Be2 Re8 13.Nd2 Bd4+ 14.Kh1 Nf6 15.Bf3 h5
16.f5 b6 17.Ne2 Be3 18.fxg6 fxg6 19.Nc4 Bxc1 20.Qxc1 Kg7 21.Qf4 Ba6 22.Nxd6
Rf8 23.Qe5 Ne8 24.Nb5 Bxb5 25.axb5 Rf7 26.Nf4 Nc7 27.d6 {#r} 1-0

[Event "It"]
[Site "masterchessopen.com - Bekescsaba (Hungary)"]
[Round "3"]
[White "Dao Thien Hai (VIE)"]
[Black "Kocsis Janos (HUN)"]
[Result "1-0"]
[WhiteElo "2545"]
[BlackElo "2280"]

1.d4 Nf6 2.c4 e6 3.Nc3 c5 4.d5 exd5 5.cxd5 d6 6.e4 g6 7.f4 Bg7 8.Bb5+ Nfd7
9.a4 O-O 10.Nf3 Na6 11.O-O Nc7 12.Bc4 a6 13.h3 Rb8 14.Qd3 Nb6 15.Ba2 Nd7 16.a5
b5 17.axb6 Rxb6 18.Re1 Re8 19.e5 dxe5 20.d6 Nb5 21.Nxb5 axb5 22.Bxf7+ Kh8
23.Bxe8 Qxe8 24.Ra8 Ra6 25.Rxa6 Bxa6 26.fxe5 {#r} 1-0

[Event "It (cat.9)"]
[Site "masterchessopen.com - Budapest (Hungary)"]
[Round "9"]
[White "Dao Thien Hai (VIE)"]
[Black "Enders Peter (GER)"]
[Result "1-0"]
[WhiteElo "2545"]
[BlackElo "2470"]

1.d4 Nf6 2.c4 c5 3.d5 e6 4.Nc3 exd5 5.cxd5 d6 6.e4 g6 7.f4 Bg7 8.Bb5+ Nfd7
9.a4 O-O 10.Nf3 Na6 11.O-O Nb4 12.Re1 a6 13.Bf1 Re8 14.h3 Qc7 15.Be3 c4 16.Nd2
Nd3 17.Bxd3 cxd3 18.Rc1 b5 19.Nxb5 {#r} 1-0